[Event "Wch U16"]
[Site "Szeged"]
[Date "1994.??.??"]
[Round "4"]
[White "Krakops, Maris"]
[Black "Dervishi, Erald"]
[Result "1-0"]
[WhiteElo "2385"]
[BlackElo "2315"]

1.e4 e5 2.Nf3 Nc6 3.Bb5 a6 4.Ba4 Nf6 5.O-O Be7 6.Re1 b5 7.Bb3 d6 8.c3 O-O
9.h3 Bb7 10.d4 Re8 11.Ng5 Rf8 12.Nf3 Re8 13.Nbd2 Bf8 14.a4 h6 15.d5 Na5 16.Ba2 c6
17.b4 Nc4 18.Nxc4 bxc4 19.Bxc4 cxd5 20.Bxd5 Nxd5 21.exd5 e4 22.Nh2 Qf6 23.Ra3 Qe5
24.c4 f5 25.f4 Qe7 26.Nf1 Qf7 27.Ne3 Rac8 28.Bb2 Red8 29.Qd4 Rd7 30.a5 Rcd8
31.Rb3 Rc8 32.Rd1 Rdc7 33.Kh2 Ba8 34.b5 Bb7 35.Ba3 Rd7 36.Qb6 Ra8 37.bxa6 Bxa6
38.Rdb1 Kh7 39.Qc6 Raa7 40.Rb6 Rdc7 41.Qa4 Rd7 42.Bb2 Rdc7 43.Bd4 Ra8 44.Rb8 Rxb8
45.Rxb8 g5 46.g3 gxf4 47.gxf4 Bg7 48.Bxg7 Qxg7 49.Qe8 Rf7 50.Qe6 Rf6 51.Rg8 Rxe6
52.Rxg7+ Kxg7 53.dxe6 Kf6 54.Nd5+  1-0

[Event "Amsterdam m"]
[Site "Amsterdam"]
[Date "1995.??.??"]
[Round "2"]
[White "Timman, Jan H"]
[Black "Piket, Jeroen"]
[Result "1-0"]
[WhiteElo "2595"]
[BlackElo "2625"]

1.e4 e5 2.Nf3 Nc6 3.Bb5 a6 4.Ba4 Nf6 5.O-O Be7 6.Re1 b5 7.Bb3 d6 8.c3 O-O
9.h3 Bb7 10.d4 Re8 11.Nbd2 Bf8 12.a4 h6 13.Bc2 exd4 14.cxd4 Nb4 15.Bb1 c5
16.d5 Nd7 17.Ra3 f5 18.Nh2 c4 19.Rf3 Re5 20.Rg3 Nf6 21.b3 c3 22.Rxc3 fxe4
23.Nxe4 Nxe4 24.Bxe4 Rxe4 25.Rxe4 Nxd5 26.Rg3 Nc3 27.Rxc3 Bxe4 28.Ng4 h5
29.Nh6+ gxh6 30.Rg3+ Kf7 31.Qxh5+ Ke6 32.Qg4+ Kd5 33.Re3 Qe7 34.f3 Bg7 35.Rxe4 Be5
36.Re1 Qh7 37.Rd1+ Kc6 38.f4  1-0

[Event "AUT-chT9495"]
[Site "?"]
[Date "1995.??.??"]
[Round "?"]
[White "Kindermann, Stefan"]
[Black "Lukacs, Peter"]
[Result "1/2-1/2"]
[WhiteElo "2585"]
[BlackElo "2490"]

1.e4 e5 2.Nf3 Nc6 3.Bb5 a6 4.Ba4 Nf6 5.O-O Be7 6.Re1 b5 7.Bb3 d6 8.c3 O-O
9.h3 Bb7 10.d4 Re8 11.a4 h6 12.Nbd2 Bf8 13.d5 Nb8 14.Qe2 Nbd7 15.axb5 axb5
16.Rxa8 Qxa8 17.Qxb5 Nc5 18.Bc2 Ba6 19.Qa5 Bd3 20.Qxa8 Rxa8 21.Bxd3 Nxd3
22.Rd1 Nc5 23.Ne1 Nfxe4  1/2-1/2

[Event "AUT-chT2O 9596"]
[Site "AUT"]
[Date "1995.??.??"]
[Round "1"]
[White "Petroczi, Thomas"]
[Black "Amberger, Dieter"]
[Result "1/2-1/2"]
[WhiteElo "2205"]
[BlackElo "2100"]

1.e4 e5 2.Nf3 Nc6 3.Bb5 a6 4.Ba4 Nf6 5.O-O Be7 6.Re1 b5 7.Bb3 d6 8.c3 O-O
9.h3 Bb7 10.d4 Re8 11.Nbd2 Bf8 12.Bc2 g6 13.d5 Nb8 14.b3 Nbd7 15.Nf1 Bg7
16.Ng3 Nf8 17.Be3 h6 18.Qd2 Kh7 19.a4 Qd7 20.c4 bxc4 21.bxc4 c5 22.Reb1 Reb8
23.Rb2 Bc8 24.Rab1 Rxb2 25.Rxb2 Qc7 26.Qc1 N8d7 27.Bd2 Rb8 28.Ne1 Rxb2 29.Qxb2 Qb6
30.Nd3 Bf8 31.a5 Qxb2 32.Nxb2 Be7 33.Ba4 Bd8 34.f3 Kg7 35.Kf2 Nb8 36.Ne2 Nh7
37.Bc3 Bd7 38.Bc2 f6 39.Na4 Ng5 40.Nb6 Be8 41.Nc1 Nf7 42.Nd3 Bxb6 43.axb6 Nd8
44.Nb2 Nb7 45.Ke3  1/2-1/2

[Event "Regionalliga SO9495"]
[Site "Bayern"]
[Date "1995.??.??"]
[Round "1"]
[White "Graf, Christian"]
[Black "Pollinger, Michael"]
[Result "1/2-1/2"]
[WhiteElo "2165"]
[BlackElo "2115"]

1.e4 e5 2.Nf3 Nc6 3.Bb5 a6 4.Ba4 Nf6 5.O-O Be7 6.Re1 b5 7.Bb3 d6 8.c3 O-O
9.h3 Bb7 10.d4 Na5 11.Bc2 Nc4 12.b3 Nb6 13.Nbd2 Re8 14.Bb2 Bf8 15.c4 Nbd7
16.d5 g6 17.Nh2 c5 18.dxc6 Bxc6 19.Ng4 b4 20.a3 a5 21.Nf1 Nc5 22.axb4 axb4
23.Rxa8 Bxa8 24.Nxf6+ Qxf6 25.Qd2 Qf4 26.Bc1 Qh4 27.Qxb4 Bxe4 28.g3 Qd8 29.Bxe4 Nxe4
30.Qb5 Nc5 31.Be3 Nd3 32.Ra1 Qb8 33.Qxb8 Rxb8 34.Nd2 f5 35.f3 Nb4 36.Ra4 d5
37.cxd5 Nxd5 38.Ba7 Ra8 39.Bf2 Rc8 40.Rc4 Rd8 41.Nf1 Nf6 42.b4 Rd1 43.Rc8 Kf7
44.Rc7+ Ke6 45.Rc6+ Kf7 46.Rc7+  1/2-1/2

[Event "Regionalliga SW9495"]
[Site "Bayern"]
[Date "1995.??.??"]
[Round "5"]
[White "Reisch, Stefan"]
[Black "Reiners, Michael"]
[Result "1-0"]
[WhiteElo "1955"]
[BlackElo "1875"]

1.e4 e5 2.Nf3 Nc6 3.Bb5 a6 4.Ba4 Nf6 5.O-O b5 6.Bb3 Be7 7.Re1 O-O 8.c3 d6
9.h3 Bb7 10.d4 Qe8 11.Nbd2 Rd8 12.a4 Ra8 13.Nf1 Qc8 14.Ng3 Bd8 15.Nf5 Nxe4
16.Nh6+ Kh8 17.Nxf7+ Rxf7 18.Bxf7 Qf5 19.Bd5 Nxf2 20.Kxf2 Bh4+ 21.Kg1 Bxe1
22.Qxe1 exd4 23.Bxc6 Bxc6 24.Nxd4 Qd5 25.Nxc6 Qxc6 26.Be3 Re8 27.Qg3 Qd7
28.axb5 axb5 29.Ra7 Kg8 30.Kh2 Qd8 31.Bd4 g6 32.Qf3 Qe7 33.Qd5+ Kf8 34.Ra1  1-0

[Event "Lee Cup"]
[Site "Beijing"]
[Date "1995.??.??"]
[Round "9"]
[White "Al Modiahki, Mohamad"]
[Black "Li Shilong"]
[Result "1-0"]
[WhiteElo "2445"]
[BlackElo "2345"]

1.e4 e5 2.Nf3 Nc6 3.Bb5 a6 4.Ba4 Nf6 5.O-O Be7 6.Re1 b5 7.Bb3 d6 8.c3 O-O
9.h3 Bb7 10.d4 Re8 11.Nbd2 Bf8 12.a4 h6 13.Bc2 Qd7 14.d5 Nb8 15.c4 c6 16.Bb3 Qc7
17.dxc6 Bxc6 18.axb5 axb5 19.Rxa8 Bxa8 20.cxb5 Nbd7 21.Qe2 Nc5 22.Bc2 d5
23.exd5 e4 24.Nd4 Bxd5 25.Rd1 Ne6 26.N2b3 Bxb3 27.Nxb3 Nf4 28.Bxf4 Qxf4 29.Qe3 Qe5
30.Nd4 Nd5 31.Qe2 Bd6 32.g3 Nf6 33.Nc6 Qc5 34.b4 Qf5 35.Rxd6 Qxh3 36.Qf1 Qh5
37.Bd1 Ng4 38.Bxg4 Qxg4 39.Qd1 Qh3 40.Rd8 Rxd8 41.Qxd8+ Kh7 42.Ne7  1-0

[Event "Belgrade Invest"]
[Site "Belgrade"]
[Date "1995.??.??"]
[Round "4"]
[White "Shirov, Alexei"]
[Black "Leko, Peter"]
[Result "1-0"]
[WhiteElo "2695"]
[BlackElo "2605"]

1.e4 e5 2.Nf3 Nc6 3.Bb5 a6 4.Ba4 Nf6 5.O-O Be7 6.Re1 b5 7.Bb3 d6 8.c3 O-O
9.h3 Bb7 10.d4 Re8 11.Ng5 Rf8 12.Nf3 Re8 13.a4 h6 14.Nbd2 Bf8 15.Bc2 exd4
16.cxd4 Nb4 17.Bb1 c5 18.d5 Nd7 19.Ra3 f5 20.exf5 Bxd5 21.Rxe8 Qxe8 22.Re3 Qf7
23.Ne4 bxa4 24.Nfg5 hxg5 25.Nxg5 Qf6 26.Re6 Bxe6 27.fxe6 g6 28.exd7 Rd8 29.Qg4 Be7
30.h4 d5 31.Nf3 Kg7 32.Bg5 Qxb2 33.Bh6+  1-0

[Event "Berliner Sommer"]
[Site "Berlin"]
[Date "1995.??.??"]
[Round "1"]
[White "Bologan, Viktor"]
[Black "Suhl, Dirk"]
[Result "1-0"]
[WhiteElo "2530"]
[BlackElo "2220"]

1.e4 e5 2.Nf3 Nc6 3.Bb5 a6 4.Ba4 Nf6 5.O-O Be7 6.Re1 b5 7.Bb3 d6 8.c3 O-O
9.h3 Bb7 10.d4 Re8 11.Nbd2 Bf8 12.a3 h6 13.Ba2 Nb8 14.d5 c6 15.dxc6 Bxc6
16.Nh2 Nbd7 17.Qf3 Qe7 18.Ndf1 Nc5 19.Ng3 Qb7 20.Ng4 Ncxe4 21.Nxe4 Nxe4 22.Bxh6 gxh6
23.Rxe4 Bxe4 24.Nf6+ Kh8 25.Nxe4 Bg7 26.Rd1 Rad8 27.Bd5 Qe7 28.Qh5 Rf8 29.g4 f6
30.Ng3 Qe8 31.Qf5 Qd7 32.Be6 Qb7 33.Qg6 Rfe8 34.Bf5 Kg8 35.Be4 d5 36.Bxd5+ Rxd5
37.Qxe8+ Kh7 38.Rxd5 Qxd5 39.Nf5 Qd1+ 40.Kg2 Qd5+ 41.Kg3 Qd3+ 42.Kh4 Qd2
43.Qe7 Qg5+ 44.Kg3 Qf4+ 45.Kg2 Qe4+ 46.Kh2  1-0

[Event "Berliner Sommer"]
[Site "Berlin"]
[Date "1995.??.??"]
[Round "6"]
[White "Suetin, Alexey S"]
[Black "Ibragimov, Ildar"]
[Result "1/2-1/2"]
[WhiteElo "2445"]
[BlackElo "2580"]

1.e4 e5 2.Nf3 Nc6 3.Bb5 a6 4.Ba4 Nf6 5.O-O Be7 6.Re1 b5 7.Bb3 d6 8.c3 O-O
9.h3 Bb7 10.d4 Re8 11.Nbd2 Bf8 12.Bc2 g6 13.d5 Nb8 14.b3 c6 15.c4 a5 16.Nf1 bxc4
17.bxc4 Na6 18.Rb1 Qc7 19.Bg5 Nd7 20.a3 cxd5 21.cxd5 Nac5 22.N3d2 Ba6 23.Qf3 Be7
24.Bh6 Reb8 25.Rec1 Qd8 26.Rxb8 Rxb8 27.Rb1 Rxb1 28.Bxb1 Bg5 29.Bxg5 Qxg5
30.Qc3 Qd8 31.Ne3 Nf6 32.Bc2 Nh5 33.g3 Nf6 34.Kg2 h5 35.h4 Qb6 36.f3 Nd3
37.Ndf1 Nc5 38.Nd2 Nd3 39.Ndf1  1/2-1/2

[Event "BRA-ch"]
[Site "?"]
[Date "1995.??.??"]
[Round "9"]
[White "Milos, Gilberto"]
[Black "Cukier, Marcelo"]
[Result "1-0"]
[WhiteElo "2555"]
[BlackElo "2150"]

1.e4 e5 2.Nf3 Nc6 3.Bb5 a6 4.Ba4 Nf6 5.O-O Be7 6.Re1 b5 7.Bb3 d6 8.c3 O-O
9.h3 Bb7 10.d4 Re8 11.Nbd2 Bf8 12.d5 Nb8 13.Nf1 Nbd7 14.Ng3 g6 15.a3 c6 16.dxc6 Bxc6
17.Ng5 Re7 18.Qxd6 Qb6 19.Be3 Qb7 20.Nxf7 Rxf7 21.Qe6 Nc5 22.Bxc5 Bxc5 23.Qxf6 Rf8
24.Rad1 Bd5 25.Bxd5 Qxd5 26.Rxd5  1-0

[Event "Budapest FS12 GM"]
[Site "Budapest"]
[Date "1995.??.??"]
[Round "1"]
[White "Cao Sang"]
[Black "Acs, Peter"]
[Result "1-0"]
[WhiteElo "2420"]
[BlackElo "2370"]

1.e4 e5 2.Nf3 Nc6 3.Bb5 a6 4.Ba4 Nf6 5.O-O Be7 6.Re1 b5 7.Bb3 d6 8.c3 O-O
9.h3 Bb7 10.d4 Re8 11.Nbd2 Bf8 12.d5 Na5 13.Bc2 c6 14.dxc6 Bxc6 15.Nf1 Qc7
16.Bg5 Nd7 17.Ne3 Nc4 18.Rb1 h6 19.Bh4 Nxe3 20.Rxe3 Nc5 21.Qe2 a5 22.Rd1 b4
23.c4 Qb7 24.Bb1 a4 25.Bg3 Ne6 26.Qe1 Be7 27.Bh4 f6 28.Qd2 Bd8 29.Nh2 Bb6
30.Ng4 Bxe3 31.Qxe3 Ng5 32.Bxg5 hxg5 33.Qf3 Bd7 34.Ne3 Be6 35.Rxd6 Rad8 36.Qd1 Rxd6
37.Qxd6 Qe7 38.Qb6 Rc8 39.Bd3 Qd7 40.Nd5 Bxd5 41.exd5 g4 42.hxg4 Qxg4 43.Qxb4 Qd4
44.Qe7 Qxd3 45.Qe6+ Kh7 46.Qxc8 f5 47.Kh2 Qe4 48.Qc5 Qh4+ 49.Kg1 Qg4 50.Qe3 Qxc4
51.Qxe5 Qc1+ 52.Kh2 Qh6+ 53.Kg3 Qg5+ 54.Kf3 Qg4+ 55.Ke3 Qxg2 56.Qxf5+ Kg8
57.Qe6+ Kf8 58.Qd6+ Kg8 59.Qe6+ Kh8 60.Qe8+  1-0

[Event "Budapest FS11 GM"]
[Site "Budapest"]
[Date "1995.??.??"]
[Round "2"]
[White "Sulskis, Sarunas"]
[Black "Acs, Peter"]
[Result "1/2-1/2"]
[WhiteElo "2505"]
[BlackElo "2370"]

1.e4 e5 2.Nf3 Nc6 3.Bb5 a6 4.Ba4 Nf6 5.O-O Be7 6.Re1 b5 7.Bb3 d6 8.c3 O-O
9.h3 Bb7 10.d4 Re8 11.Nbd2 Bf8 12.a4 h6 13.Bc2 g6 14.d5 Ne7 15.c4 c6 16.b3 Qc7
17.Ba3 bxa4 18.b4 Nc8 19.Bxa4 Nb6 20.Bc2 Nfd7 21.Bd3 c5 22.Bf1 Reb8 23.Re3 Bc8
24.bxc5 Nxc5 25.Bxc5 dxc5 26.Rea3 a5 27.Bd3 a4 28.Nb1 Ba6 29.Qe2 Bc8 30.Nc3 Bd7
31.Bc2 Rb7 32.g4 Bd6 33.Kg2 Kg7 34.Rb1 Qc8 35.Nb5 Bb8 36.Nd2 Qe8 37.Nc3 Bd6
38.Qd1 Rab8 39.Nxa4 Nxa4 40.Rxb7 Rxb7 41.Bxa4 Qa8 42.Bc6 Qxa3 43.Bxb7 Qd3
44.Bc6 Bc8 45.Ba4 h5 46.f3 hxg4 47.hxg4 Ba6 48.Bc2 Qe3 49.Nf1 Qc3 50.Bd3 Be7
51.Ne3 Bg5 52.Qc2 Qa3 53.Nd1 Bc8 54.Qc3 Qa4 55.Bc2 Qa2 56.Qb3 Qa5 57.Qc3 Qa2
58.Nb2 Bd7 59.Bb3 Qa3 60.Nd3 f6 61.Qb2 Qa5 62.Bd1 Be3 63.f4 Bd4 64.Qe2 Qc3
65.g5 fxg5 66.fxe5 Bxe5 67.Nxe5 Qxe5 68.Qe3 Kf6 69.Qxc5 Qxe4+ 70.Bf3 Bh3+
71.Kf2 Qh4+ 72.Ke2 Bf5 73.Qf8+ Ke5 74.Qg7+ Kd6 75.Qf8+ Ke5 76.Qg7+ Kd6 77.Qf8+  1/2-1/2

[Event "Budapest FS06 GM"]
[Site "Budapest"]
[Date "1995.??.??"]
[Round "4"]
[White "Enders, Peter"]
[Black "Liss, Eran"]
[Result "1/2-1/2"]
[WhiteElo "2480"]
[BlackElo "2465"]

1.e4 e5 2.Nf3 Nc6 3.Bb5 a6 4.Ba4 Nf6 5.O-O Be7 6.Re1 b5 7.Bb3 d6 8.c3 O-O
9.h3 Bb7 10.d4 Re8 11.Nbd2 Bf8 12.a4 h6 13.Bc2 exd4 14.Nxd4 b4 15.Nxc6 Bxc6
16.cxb4 Rb8 17.b5 axb5 18.a5 Ra8 19.b3 Bb7 20.Bb2 Re6 21.Bd3 c5 22.Bxf6 Rxf6
23.Bxb5 Rxa5 24.Rxa5 Qxa5 25.Bc4 g6 26.Nf1 Rf4 27.f3 d5 28.exd5 Rd4 29.Qa1 Qxa1
30.Rxa1 Bxd5 31.Rc1 Bxc4 32.bxc4 Bg7 33.Kf2 Rd3 34.Ke2 Ra3 35.Rc2 Bd4 36.f4 f5
37.Nd2 Re3+ 38.Kf1 g5 39.Nf3 Bf6 40.fxg5 hxg5 41.Kf2 Re4 42.Ne1 Bd4+ 43.Kf1 Kf7
44.Nd3 Re3 45.Ne1 g4 46.hxg4 fxg4 47.Re2 Rc3 48.Re4  1/2-1/2

[Event "Budapest FS08 GM"]
[Site "Budapest"]
[Date "1995.??.??"]
[Round "4"]
[White "Borocz, Istvan"]
[Black "Acs, Peter"]
[Result "0-1"]
[WhiteElo "2410"]
[BlackElo "2370"]

1.e4 e5 2.Nf3 Nc6 3.Bb5 a6 4.Ba4 Nf6 5.O-O Be7 6.Re1 b5 7.Bb3 d6 8.c3 O-O
9.h3 Bb7 10.d4 Re8 11.Ng5 Rf8 12.Nf3 h6 13.Nbd2 Re8 14.Nf1 Bf8 15.Ng3 Na5
16.Bc2 c5 17.d5 c4 18.b4 cxb3 19.axb3 Bc8 20.Be3 Bd7 21.Qd2 Nb7 22.b4 Qc7
23.Ra3 a5 24.Rea1 Reb8 25.Bd3 a4 26.Rc1 Nd8 27.Nh4 Kh7 28.Nhf5 Ng8 29.f4 g6
30.Nh4 f6 31.f5 g5 32.Ng6 Nf7 33.Qe2 Be7 34.h4 Be8 35.Kf2 Nh8 36.Nxh8 Kxh8
37.Rh1 Bd8 38.Nh5 Qf7 39.hxg5 fxg5 40.Ke1 Nf6 41.Nxf6 Qxf6 42.Kd2 Bb6 43.Kc2 Bxe3
44.Qxe3 Rb7 45.Kb2 Kg7 46.Raa1 Rc8 47.Rac1 Bd7 48.Be2 Rcb8 49.Ka3 Be8 50.Rc2 Rc8
51.Rhc1 Rbc7 52.c4 bxc4 53.Rxc4 Qd8 54.b5 Rxc4 55.Rxc4 Rxc4 56.Bxc4 Qc7 57.Be2 Qa5
58.Qd3 Bd7 59.Qc4 Kf7 60.Qxa4 Qc3+ 61.Qb3 Qa5+ 62.Kb2 Qd2+ 63.Qc2 Qb4+ 64.Kc1 Qe1+
65.Bd1 Qa5 66.Be2 Qe1+ 67.Qd1 Qc3+ 68.Qc2 Qe1+ 69.Kb2 Qb4+ 70.Ka2 Qa5+ 71.Kb3 Bxb5
72.Bxb5 Qxb5+ 73.Kc3 h5 74.Kd2 Qb4+ 75.Ke2 Qb5+ 76.Ke1 Qb4+ 77.Kd1 Kf6 78.Ke2 Qb5+
79.Qd3 Qb2+ 80.Qd2 Qd4 81.Qe3 h4 82.Kf3 g4+ 83.Kf2 h3  0-1

[Event "Budapest FS11 IM-A"]
[Site "Budapest"]
[Date "1995.??.??"]
[Round "8"]
[White "Peredy, Ferenc"]
[Black "Arnold, Ferenc"]
[Result "1/2-1/2"]
[WhiteElo "2235"]
[BlackElo "2355"]

1.e4 e5 2.Nf3 Nc6 3.Bb5 a6 4.Ba4 Nf6 5.O-O Be7 6.Re1 b5 7.Bb3 d6 8.c3 O-O
9.h3 Bb7 10.d4 Re8 11.Nbd2 Bf8 12.a4 h6 13.Bc2 exd4 14.cxd4 Nb4 15.Bb1 g6
16.Ra3 Bg7 17.Nh2 c5 18.d5 Nd7 19.Ndf1 bxa4 20.Ng4 Kh7 21.Rxa4 Qe7 22.Nfe3 Nb6
23.Ra3 a5  1/2-1/2

[Event "Budapest FS06 GM"]
[Site "Budapest"]
[Date "1995.??.??"]
[Round "8"]
[White "Enders, Peter"]
[Black "Lukacs, Peter"]
[Result "1/2-1/2"]
[WhiteElo "2480"]
[BlackElo "2490"]

1.e4 e5 2.Nf3 Nc6 3.Bb5 a6 4.Ba4 Nf6 5.O-O Be7 6.Re1 b5 7.Bb3 d6 8.c3 O-O
9.h3 Bb7 10.d4 Re8 11.Nbd2 Bf8 12.a4 h6 13.Bc2 exd4 14.cxd4 Nb4 15.Bb1 c5
16.d5 Nd7 17.Ra3 c4 18.Nd4 Qf6 19.N2f3 Nd3 20.Bxd3 b4 21.Rb3 cxb3 22.Nxb3 Ne5
23.Be2 Nxf3+ 24.Bxf3 Bc8 25.Na5 Bd7 26.Nc4 Rac8 27.Nb6 Rc7 28.a5 Bxh3 29.gxh3 Rxc1
30.Qxc1 Qxf3 31.Qe3 Qf6 32.Nc4 Qh4 33.Qf3 g6 34.Re3 h5 35.b3 Qd8 36.Qf4 Qc7
37.Kg2 Rd8 38.Re2 Bg7 39.Qe3 Qe7 40.f4 Qh4 41.Qb6 Bf8 42.Qc7 Re8 43.Nxd6 Bxd6
44.Qxd6 Rc8 45.Qxb4 Qxf4 46.Qd2 Qe5 47.Re3 Qg5+ 48.Kf1 Rc2 49.Qxc2 Qxe3 50.Kg2 h4
51.Qc8+  1/2-1/2

[Event "Budapest FS09 GM"]
[Site "Budapest"]
[Date "1995.??.??"]
[Round "11"]
[White "Votava, Jan"]
[Black "Acs, Peter"]
[Result "1/2-1/2"]
[WhiteElo "2440"]
[BlackElo "2375"]

1.e4 e5 2.Nf3 Nc6 3.Bb5 a6 4.Ba4 Nf6 5.O-O Be7 6.Re1 b5 7.Bb3 d6 8.c3 O-O
9.h3 Bb7 10.d4 Re8 11.Ng5 Rf8 12.Nf3 Re8 13.Nbd2 Bf8 14.a3 h6 15.Bc2 Nb8
16.b3 Nbd7 17.a4 c5 18.d5 Qb6 19.Nf1 g6 20.Ng3 Bg7 21.Be3 Qc7 22.Nd2 Rab8
23.Bd3 Bxd5 24.exd5 Nxd5 25.c4 Nb4 26.Be4 Rf8 27.Qg4 Nf6 28.Qh4 Qd8 29.Bb1 bxc4
30.Nxc4 Nfd5 31.Qxd8 Rfxd8 32.Ne4 Nxe3 33.Nxe3 f5 34.Rd1 d5 35.Nxc5 e4 36.Ra2 d4
37.Nc4 d3 38.Ne6 Nxa2 39.Bxa2 Re8 40.Nc7 Re7 41.Nxa6 Ra8 42.Nb4 Kh7 43.Nb6 Rae8
44.N4d5 Rf7 45.g3 g5 46.b4 Bd4 47.Nc4 f4 48.Nd6 Bxf2+ 49.Kh1 e3 50.Bb1 Re5
51.Nxf7 Rxd5 52.Rxd3 Kg7 53.Kg2 Rf5 54.Rxe3 Bxe3 55.Bxf5 Kxf7 56.g4 Kf6 57.Kf3 Ke5
58.Ke2 Kd4 59.b5 Kc4 60.Bd3+ Kb4 61.Bc2 Kc3 62.Bd1 Bb6 63.Kf3 Kd4  1/2-1/2

[Event "Budapest Hungaroil"]
[Site "Budapest"]
[Date "1995.??.??"]
[Round "11"]
[White "Csom, Istvan"]
[Black "Fogarasi, Tibor"]
[Result "1/2-1/2"]
[WhiteElo "2455"]
[BlackElo "2500"]

1.e4 e5 2.Nf3 Nc6 3.Bb5 a6 4.Ba4 Nf6 5.O-O Be7 6.Re1 b5 7.Bb3 d6 8.c3 O-O
9.h3 Bb7 10.d4 Re8 11.Nbd2 Bf8 12.a4 h6 13.Bc2 exd4 14.cxd4 Nb4 15.Bb1 c5
16.d5 Nd7 17.Ra3 f5  1/2-1/2

[Event "Buenos Aires VII Najdorf op"]
[Site "Buenos Aires"]
[Date "1995.??.??"]
[Round "9"]
[White "Kanefsck, Gustavo"]
[Black "Servat, Roberto"]
[Result "0-1"]
[WhiteElo "2295"]
[BlackElo "2450"]

1.e4 e5 2.Nf3 Nc6 3.Bb5 a6 4.Ba4 Nf6 5.O-O Be7 6.Re1 b5 7.Bb3 d6 8.c3 O-O
9.h3 Bb7 10.d4 Re8 11.Nbd2 Bf8 12.a4 h6 13.Bc2 exd4 14.cxd4 Nb4 15.Bb1 c5
16.d5 Nd7 17.Ra3 c4 18.Nd4 Qf6 19.N2f3 Ne5 20.axb5 Nbd3 21.Bxd3 Nxd3 22.Re2 axb5
23.Nxb5 Rxa3 24.Nxa3 Nxc1 25.Qxc1 Bxd5 26.Qc2 Bc6 27.Re3 Qg6 28.Kh2 d5  0-1

[Event "Cappelle op"]
[Site "Cappelle la Grande"]
[Date "1995.??.??"]
[Round "9"]
[White "Velikhanli, Firuza"]
[Black "Kazhgaleyev, Murtas"]
[Result "1/2-1/2"]
[WhiteElo "2340"]
[BlackElo "2495"]

1.e4 e5 2.Nf3 Nc6 3.Bb5 a6 4.Ba4 Nf6 5.O-O Be7 6.Re1 b5 7.Bb3 d6 8.c3 O-O
9.h3 Bb7 10.d4 Re8 11.Bg5 Rf8  1/2-1/2

[Event "Cappelle op"]
[Site "Cappelle la Grande"]
[Date "1995.??.??"]
[Round "9"]
[White "Tseshkovsky, Vitaly"]
[Black "Zaitsev, Igor A"]
[Result "1/2-1/2"]
[WhiteElo "2530"]
[BlackElo "2455"]

1.e4 e5 2.Nf3 Nc6 3.Bb5 a6 4.Ba4 Nf6 5.O-O Be7 6.Re1 b5 7.Bb3 O-O 8.c3 d6
9.h3 Bb7 10.d4 Re8 11.Nbd2 Bf8 12.d5 Nb8 13.Nf1 c6 14.Bg5 Nbd7 15.Ne3 c5
16.Nf5 h6 17.Bd2 c4 18.Bc2 Nh5 19.g3 Nc5 20.b4 cxb3 21.axb3 Bc8 22.Nxe5 dxe5
23.Qxh5 g6 24.Nxh6+ Kh7 25.Qf3 Bxh6 26.Bxh6 Kxh6 27.Qe3+ Kg7 28.Qxc5 Bxh3
29.Qe3 Qc8 30.c4 bxc4 31.bxc4 Qxc4 32.Bd3 Qc3 33.Rec1 Qb3 34.Qd2 Qb6 35.Rab1 Qa7
36.Rc6 a5 37.Qc3 Qe7 38.f4 a4 39.d6 Qa7+ 40.Qc5 Qxc5+ 41.Rxc5 a3 42.Ra1 a2
43.Bc4 exf4 44.gxf4 Rxe4 45.Bd5 Rea4 46.Bxa8 Rxa8 47.Rc2 Be6 48.d7 Rd8 49.Rd2 Kf6
50.Rf2 Ke7 51.Raxa2  1/2-1/2

[Event "Clichy"]
[Site "Clichy"]
[Date "1995.??.??"]
[Round "?"]
[White "Apicella, Manuel"]
[Black "David, Alberto"]
[Result "1-0"]
[WhiteElo "2555"]
[BlackElo "2465"]

1.e4 e5 2.Nf3 Nc6 3.Bb5 a6 4.Ba4 Nf6 5.O-O Be7 6.Re1 b5 7.Bb3 d6 8.c3 O-O
9.h3 Bb7 10.d4 Na5 11.Bc2 Nc4 12.b3 Nb6 13.Nbd2 Re8 14.Bb2 Bf8 15.c4 bxc4
16.bxc4 exd4 17.Bxd4 c5 18.Bc3 Nbd7 19.Rb1 Bc6 20.Nh2 g6 21.Nhf1 Rb8 22.Rxb8 Qxb8
23.g4 h6 24.Ng3 Bg7 25.Qa1 Re7 26.Rf1 Ne8 27.f4 Nef6 28.h4 Qd8 29.g5 hxg5
30.hxg5 Ne8 31.Nf3 Bxc3 32.Qxc3 Ng7 33.Rf2 Qb8 34.Rh2 Qb4 35.Qd3 Re6 36.Qf1 Qc3
37.Qh3 Kf8 38.f5 gxf5 39.Qh8+ Ke7 40.Nxf5+  1-0

[Event "Copenhagen op17"]
[Site "Copenhagen"]
[Date "1995.??.??"]
[Round "3"]
[White "Bjerring, Kai"]
[Black "Pioch, Thomas"]
[Result "1/2-1/2"]
[WhiteElo "2370"]
[BlackElo "2220"]

1.e4 e5 2.Nf3 Nc6 3.Bb5 a6 4.Ba4 Nf6 5.O-O Be7 6.Re1 b5 7.Bb3 d6 8.c3 O-O
9.h3 Bb7 10.d4 Na5 11.Bc2 Nc4 12.Nbd2 Nxd2 13.Bxd2 Nd7 14.Nh2 Bg5 15.Qc1 Bxd2
16.Qxd2 Re8 17.Rad1 Qh4 18.f3  1/2-1/2

[Event "ESP-chT"]
[Site "Cordoba"]
[Date "1995.??.??"]
[Round "2"]
[White "Sanz Alonso, Francisco Javier"]
[Black "Rodriguez Talavera, Juan Carlos"]
[Result "1/2-1/2"]
[WhiteElo "2400"]
[BlackElo "2420"]

1.e4 e5 2.Nf3 Nc6 3.Bb5 a6 4.Ba4 Nf6 5.O-O Be7 6.Re1 b5 7.Bb3 d6 8.c3 O-O
9.h3 Bb7 10.d4 Re8 11.Ng5 Rf8 12.Nf3 Re8 13.Nbd2 Bf8 14.a3 g6 15.Ba2 h6 16.b4 Bg7
17.Bb2 Nh5 18.Nf1 Nf4 19.Ng3 Qf6 20.Re3 Rad8 21.Ne2 g5 22.Nxf4 gxf4 23.Re2 Bc8
24.Kh2 Ne7 25.c4 Ng6 26.cxb5 axb5 27.Rc1 Nh4 28.Rd2 exd4 29.Rxc7 Re7 30.Bxd4 Nxf3+
31.Qxf3 Qxd4 32.Rxd4 Rxc7 33.Rd3 Be5 34.Bb3 Bb7 35.Qg4+ Kh7 36.Qf5+ Kg7 37.Qg4+ Kh7
38.Qf5+ Kg7 39.Rf3 Bc8 40.Qh5 Bb7 41.Qg4+ Kh7 42.Qf5+ Kg7 43.a4 bxa4 44.Bxa4 Ra8
45.Bb3 Ra1 46.b5 Rb1 47.b6 Re7 48.Qg4+ Kf8 49.Bd5 Rxb6 50.Qh4 Bxd5 51.exd5 Bg7
52.g3 fxg3+ 53.Rxg3 Rbb7 54.Qg4 f6 55.Qg6 Rf7 56.Re3 Rbd7 57.Re6 Rd8 58.Qg3 Rfd7
59.Qf4 Kg8 60.Kg3 f5 61.Qxf5 Rf7 62.Qg4 Rdf8 63.f4 h5 64.Qxh5 Rxf4 65.Re8 Be5
66.Rxf8+ Rxf8+ 67.Kg4 Rf7 68.Kg5 Bf4+ 69.Kg6 Be5 70.Qh4 Rg7+ 71.Kf5 Rg3 72.Qh5 Rg7
73.h4 Re7 74.Qh6 Rg7 75.Ke6 Rg3 76.Ke7 Rg7+ 77.Ke8 Rg3 78.Qe6+ Kh7 79.Qf5+ Kh6
80.Kf7 Rg2  1/2-1/2

[Event "CZE-chT 9495"]
[Site "?"]
[Date "1995.??.??"]
[Round "4"]
[White "Mokry, Karel"]
[Black "Votava, Jan"]
[Result "0-1"]
[WhiteElo "2525"]
[BlackElo "2395"]

1.e4 e5 2.Nf3 Nc6 3.Bb5 a6 4.Ba4 Nf6 5.O-O Be7 6.Re1 b5 7.Bb3 d6 8.c3 O-O
9.h3 Bb7 10.d4 Nd7 11.a4 Bf6 12.d5 Ne7 13.axb5 axb5 14.Rxa8 Bxa8 15.Na3 Qb8
16.Nxb5 Nc5 17.Bc4 Rd8 18.Na3 c6 19.Ba2 cxd5 20.exd5 h6 21.Nh2 Qb7 22.c4 e4
23.Nb5 Nd3 24.Rxe4 Nxc1 25.Qxc1 Nxd5 26.cxd5 Qxb5 27.Qc4 Qxc4 28.Bxc4 Bxb2
29.Nf1 Kf8 30.Ne3 Ba3 31.Be2 Bc5 32.Bf3 Bb7 33.g3 Ra8 34.Rc4 Ra3 35.Re4 Bxd5
36.Rf4 Be6 37.Nc2 Rc3 38.Ne1 Rc1 39.Re4 Bd5  0-1

[Event "CZE-chT1a"]
[Site "?"]
[Date "1995.??.??"]
[Round "?"]
[White "Novotny, Jaroslav"]
[Black "Votava, Jan"]
[Result "1/2-1/2"]
[WhiteElo "2270"]
[BlackElo "2395"]

1.e4 e5 2.Nf3 Nc6 3.Bb5 a6 4.Ba4 Nf6 5.O-O Be7 6.Re1 b5 7.Bb3 d6 8.c3 O-O
9.h3 Bb7 10.d4 Nd7 11.Nbd2 Bf6 12.Nf1 Ne7 13.Ng3 c5 14.Be3 Ng6 15.Qd2 Qc7
16.Rad1 Rad8 17.d5 Rfe8 18.Nf5 Ne7 19.g4 Nxf5 20.gxf5 Nb6 21.Kh2 Kh8 22.Rg1 Qe7
23.Rg4 Rg8 24.Rdg1 Bc8 25.Qd1 g6 26.Bc2 Bb7 27.Ng5 Rg7 28.Qf3 Rdg8 29.fxg6 fxg6
30.Qg2 Bc8 31.Rg3 h6 32.Nf3 Kh7 33.Qf1 Nd7 34.Qc1 g5 35.Nd2 Nf8 36.Bd1 Ng6
37.Bg4 Bxg4 38.hxg4 Nf4 39.Rh1 h5 40.Qd1 h4 41.Rgg1 c4  1/2-1/2

[Event "Dortmund"]
[Site "Dortmund"]
[Date "1995.??.??"]
[Round "3"]
[White "Leko, Peter"]
[Black "Piket, Jeroen"]
[Result "1/2-1/2"]
[WhiteElo "2605"]
[BlackElo "2625"]

1.e4 e5 2.Nf3 Nc6 3.Bb5 a6 4.Ba4 Nf6 5.O-O Be7 6.Re1 b5 7.Bb3 d6 8.c3 O-O
9.h3 Bb7 10.d4 Re8 11.Nbd2 Bf8 12.d5 Nb8 13.Nf1 Nbd7 14.Ng3 g6 15.Bg5 Bg7
16.Qd2 Qe7 17.Nh2 h5 18.Rad1 Qf8 19.Bc2 Nb6 20.b3 Nfd7 21.Nf3 Rac8 22.Bd3 c6
23.c4 bxc4 24.bxc4 Nc5 25.Rb1 Nbd7 26.Bf1 Rc7 27.Be3 Qe7 28.Bg5 Qf8 29.Be3 Qe7
30.Bg5 Qf8  1/2-1/2

[Event "Dortmund"]
[Site "Dortmund"]
[Date "1995.??.??"]
[Round "7"]
[White "Ivanchuk, Vassily"]
[Black "Leko, Peter"]
[Result "1/2-1/2"]
[WhiteElo "2740"]
[BlackElo "2605"]

1.e4 e5 2.Nf3 Nc6 3.Bb5 a6 4.Ba4 Nf6 5.O-O Be7 6.Re1 b5 7.Bb3 d6 8.c3 O-O
9.h3 Bb7 10.d4 Re8 11.Nbd2 Bf8 12.Bc2 g6 13.b3 d5 14.dxe5 Nxe5 15.Nxe5 Rxe5
16.Nf3 Rxe4 17.Bxe4 Nxe4 18.Qc2 c5  1/2-1/2

[Event "FRA-chT"]
[Site "FRA"]
[Date "1995.??.??"]
[Round "?"]
[White "Renet, Olivier"]
[Black "Sulipa, Aleksandar"]
[Result "1/2-1/2"]
[WhiteElo "2530"]
[BlackElo "2430"]

1.e4 e5 2.Nf3 Nc6 3.Bb5 a6 4.Ba4 Nf6 5.O-O Be7 6.Re1 b5 7.Bb3 d6 8.c3 O-O
9.h3 Bb7 10.d4 Re8 11.Ng5 Rf8 12.Nf3 Re8 13.Nbd2 Bf8 14.d5 Nb8 15.Nf1 Nbd7
16.Ng3 g6 17.a3 Nc5 18.Ba2 c6 19.b4 Na4 20.dxc6 Bxc6 21.Qb3 Ra7 22.Bg5 Nb6
23.Rad1 h6 24.Be3 Rd7 25.Qb1 Nc4 26.Bxc4 bxc4 27.Nd2 d5 28.exd5 Nxd5 29.Nxc4 Nxc3
30.Rxd7 Qxd7 31.Qb3 Qd3 32.Kh2 Ba4 33.Nb2 Qxe3 34.Rxe3 Bxb3 35.Rxc3 Bd5 36.Na4 f5
37.Nb6 Bf7 38.Nd7 Bg7 39.Rc6 Re6 40.Rc8+ Re8  1/2-1/2